000 00741nam a2200229 i 4500
001 187181
003 SpMaBN
005 20250930063159.0
008 170428s1950 sp d |||| | spa d
080 _a86-7"19"(038)
100 1 _aClarasó, Noel,
_d1899-1985
_939003
245 1 0 _aDiccionario humorístico /
_cNoel Clarasó.
250 _a1ª ed.
260 _aBarcelona :
_bLa Osa Menor,
_c1950.
300 _a352 p. ;
_c19 cm.
490 1 _aArco
594 _aEn cub.: "... contiene más de 3.000 definiciones..."
650 4 _aHumorismo-
_vDiccionarios.
_9203922
830 0 _aArco
_9225528
852 _aES-MaACL
_jL-31515
_z. - Donat. herederos de la bibl. de Mª del Pilar Costa Palacín
999 _c187181
_d187181